Microbiología médica de Jawetz, Melnick y Adelberg / (Registro nro. 513)

Detalles MARC
000 -LEADER
fixed length control field 01050 am a2200301 a 4500
005 - FECHA ULTIMA MODIFICACION
control field 20240605115137.0
008 - CAMPO DE CONTROL (LIBRO)
fixed length control field 100708s2002||||mx a f |||| 001 0 spa d
020 ## - INTERNATIONAL STANDARD BOOK NUMBER
ISBN 9684269722
041 ## - CODIGO DE IDIOMA
Código de idioma del texto/pista de sonido o título separado spa
092 ## - SIGNATURA TOPOGRAFICA DEWEY LOCAL
número de clasificación 616.01
libristica 8
sección BRO
100 1# - ENTRADA PRINCIPAL--NOMBRE PERSONAL
Nombre personal Brooks, Geo F.
9 (RLIN) 814
245 ## - TITULO PROPIAMENTE DICHO
Título Microbiología médica de Jawetz, Melnick y Adelberg /
Mención de responsabilidad y remanente de la transcripción de la portada Geo F. Brooks
250 ## - MENCION DE EDICION
Mención de edición 17a ed. traducción de la 22a edición en inglés
Mención de responsabilidad relacionada con la ed. Traducción Ilian Naget Arsof Saab.
260 ## - PIE DE IMPRENTA
Lugar de publicación, distribución, etc México:
Nombre de la editorial, distribuidor, etc Manual Moderno;
Fecha de publicación 2002.
300 ## - DESCRIPCION FISICA
Extension 844 p.
Otros detalles físicos il.
Dimensiones 26 cm.
500 ## - NOTA GENERAL
Nota general Brooks, G. F., Butel, J. S. y Morse, S. A. (2002). Microbiología médica de Jawetz, Melnick y Adelberg. (17a ed.). México : Manual Moderno.
653 ## - TÉRMINO INDIZADO - PALABRAS CLAVES
Palabra clave Fundamentos de microbiología
653 ## - TÉRMINO INDIZADO - PALABRAS CLAVES
Palabra clave Inmunología
653 ## - TÉRMINO INDIZADO - PALABRAS CLAVES
Palabra clave Bacteriología
653 ## - TÉRMINO INDIZADO - PALABRAS CLAVES
Palabra clave Virología
653 ## - TÉRMINO INDIZADO - PALABRAS CLAVES
Palabra clave Micología
653 ## - TÉRMINO INDIZADO - PALABRAS CLAVES
Palabra clave Parasitología
653 ## - TÉRMINO INDIZADO - PALABRAS CLAVES
Palabra clave Microbiología médica para diagnóstico
700 1# - ENTRADAS SECUNDARIAS - NOMBRE PERSONAL
Nombre personal Butel, Janet S.
9 (RLIN) 815
700 1# - ENTRADAS SECUNDARIAS - NOMBRE PERSONAL
Nombre personal Morse, Stephen A.
9 (RLIN) 816
930 ## - NUMERO DE INVENTARIO
Número de inventario 1004
942 ## - ADDED ENTRY ELEMENTS (KOHA)
Source of classification or shelving scheme Dewey Decimal Classification
Item type Libros
Existencias
Estado de retiro Existencia Fuente de clasificación Estado general No para prestamo Colección Ubicación permanente ubicación actual Sala de ubicación Fecha de adquisición Total Checkouts Número de clasificación Código de barras Date last seen Date last borrowed Número de ejemplar Price effective from Koha tipo de elemento (item) Public note Coded location qualifier
    Dewey Decimal Classification     Reference Biblioteca Medicina Biblioteca Medicina Referencia 13/05/2011 6 616.01 8 BRO 1004 06/11/2014 19/06/2013 ej.1 16/08/2011 Reference LIBRO DE CONSULTA Hemeroteca 2022  

UNIVERSIDAD NACIONAL DEL COMAHUE
Biblioteca de la Facultad de Ciencias Médicas
Sede Toschi: Los Arrayanes y Av. Toschi, Cipolletti  - Rio Negro
Sede Los Tordos:  Yrigoyen al 2211, Cipolletti - Rio Negro 

Teléfono: 0299 - 4774707 int 25
Contacto: biblioteca@facimed.uncoma.edu.ar
© 2011 - 2026